Expertas III. Siete voces en tiempos inciertos.
Na minha lista:
| Autor Corporativo: | |
|---|---|
| Formato: | Livro |
| Publicado em: |
Osorno, Chile:
Universidad de Los Lagos,
2024.
|
| Colecção: | Expertas
|
| Assuntos: | |
| Acesso em linha: | Disponible Online - Universidad de Los Lagos |
| Tags: |
Adicionar Tag
Sem tags, seja o primeiro a adicionar uma tag!
|
MARC
| LEADER | 00000nam a22000007a 4500 | ||
|---|---|---|---|
| 003 | CL-VaPUC | ||
| 005 | 20240726113155.0 | ||
| 008 | 240708t2024 ||||| |||| 00| 0 eng d | ||
| 999 | |c 444157 |d 444155 | ||
| 020 | |a 978-956-6043-95-9 | ||
| 040 | |c Pontificia Universidad Católica de Valparaíso | ||
| 082 | 7 | |2 22 |a 378.0082 UNI 2024 | |
| 110 | |a Universidad de los Lagos |9 578442 |b Dirección de Investigación, Vicerrectoría de Investigación y Postgrado |e autor | ||
| 245 | |a Expertas III. |b Siete voces en tiempos inciertos. | ||
| 260 | |a Osorno, Chile: |b Universidad de Los Lagos, |c 2024. | ||
| 300 | |a 94 páginas. | ||
| 490 | |a Expertas |n III. | ||
| 500 | |a c.1 Sergio Arce, Director Dirección Bibliotecas U. de Lagos. 2-7-2024 | ||
| 583 | |c 20240708 |k Catalogador Asistente | ||
| 650 | 0 | |a Mujeres en la educación |9 888172 |x COVID-19 |x Experiencia |x Biografías | |
| 650 | 0 | |a Discriminación de género |9 538222 |x COVID-19 |x Investigadoras | |
| 856 | |u https://lafken.ulagos.cl/server/api/core/bitstreams/2b999297-4ee0-48ba-953c-afc4b8f5763b/content |y Disponible Online - Universidad de Los Lagos | ||
| 942 | |2 ddc |c BK | ||
| 952 | |0 0 |1 0 |2 ddc |4 0 |6 378_008200000000000_UNI_2024 |7 0 |8 A |9 595323 |a BIBCUR |b BIBCUR |c GEN |d 2024-07-08 |e Donación |i 5661695 |o 378.0082 UNI 2024 |p 5661695 |r 2025-04-22 |t 1 |w 2024-07-08 |y BK |k BCB | ||